[Event "Copenhagen Challenge GM 2020"]
[Site "Ballerup"]
[Date "2020.07.25"]
[Round "7.5"]
[White "Johansson, Linus"]
[Black "Rostgaard, Tobias Valentin"]
[Result "1-0"]
[WhiteElo "2476"]
[BlackElo "2372"]
[Annotator "TA"]
[PlyCount "79"]
[EventDate "2020.07.22"]
[EventType "tourn"]
[EventCountry "DEN"]
[SourceTitle "playchess.com"]
[Source "ChessBase"]
[SourceQuality "1"]

{[%evp 25,79,15,20,20,29,0,0,0,18,-25,-21,-16,40,30,46,0,29,0,0,0,0,0,0,0,44,35,294,0,179,182,158,180,229,228,214,175,257,241,223,136,105,92,277,110,111,96,83,97,108,36,3243,2896,2449,1663,2403,1843]} 1. Nf3 Nf6 2. g3 g6 3. Bg2 Bg7 4. c4 O-O 5. O-O Nc6 6. d4 d6 7. Nc3 a6 8. e4 Bg4 9. h3 Bxf3 10. Bxf3 e5 11. d5 Nd4 12. Bg2 Nd7 13. Be3 c5 14. dxc6 {E63: King's Indian: Fianchetto: Panno Variation with 7...a6.} bxc6 15. b4 Rb8 16. Rb1 {The position is equal.} c5 {[#]} 17. b5 $146 ({Predecessor:} 17. Nd5 cxb4 18. Rxb4 Rxb4 19. Nxb4 Qa5 20. Qd2 Rb8 21. Nd3 Qxd2 22. Bxd2 Nc5 23. Nb4 {0-1 (40) Martin Garcia,C-Perpinya Rofes,L (2274) Barcelona 2000}) 17... Nb6 18. Qd3 Qd7 ({Black should play} 18... axb5 $11 19. Nxb5 Qd7) 19. a4 $14 axb5 20. axb5 (20. cxb5 {looks sharper.} Ra8 21. Ra1 Ra5 22. Ra2 Rfa8 23. Rfa1) 20... Qe6 21. Nd5 (21. Bxd4 $5 cxd4 22. Nd5 $11) 21... Nxd5 22. exd5 Qd7 23. Ra1 f5 24. Ra6 e4 25. Qd2 f4 $2 {[%mdl 8192]} (25... Be5 $14) 26. gxf4 $2 (26. Bxf4 $18 Rbe8 27. Rxd6) 26... Nf3+ $2 (26... g5 $1 $11 {and Black is okay.} 27. Re1 (27. Bxe4 $2 Qxh3 28. Qd1 gxf4 $19) 27... Rbe8) 27. Bxf3 $1 $18 exf3 28. Kh2 Rf5 {( -> ...Rh5!)} 29. Rg1 $1 Rbf8 30. b6 Qb7 (30... Rb8 $142 31. Rg3 (31. Ra7 Qd8 $16) 31... Rff8 32. Rxf3 Qf5) 31. Qa5 Rb8 32. Kg3 Bh6 33. Ra1 (33. Kxf3 $6 Bxf4 34. Bxf4 Qf7 $11) 33... g5 $2 (33... Rff8 $16 {was worth a try.}) 34. Kh2 $2 (34. Kxf3 $18 {and White stays clearly on top. aiming for Rg1.} gxf4 35. Bd2 (35. Rg1+ Rg5 $11)) 34... gxf4 $16 35. Rg1+ Rg5 36. Rxg5+ Bxg5 37. Bc1 (37. Bd2 $1 $16 {Qa4 is the strong threat.} Bf6 38. Ra7 (38. Bxf4 Qg7 $16) 38... Qxb6 39. Qxb6 (39. Bxf4 Qb2 $11) 39... Rxb6 40. Bxf4) 37... Qe7 $2 {[%mdl 8192] [#]} (37... Bf6 $14 38. Bxf4 Qg7) 38. Ra8 $1 $18 {White is clearly winning.} Qe2 39. Rxb8+ Kg7 {[#]} 40. Qd2 $1 {Accuracy: White = 58%, Black = 45%.} 1-0

[Event "Copenhagen Challenge GM 2020"]
[Site "Ballerup"]
[Date "2020.07.26"]
[Round "8.1"]
[White "Rostgaard, Tobias Valentin"]
[Black "Haubro, Martin"]
[Result "1/2-1/2"]
[WhiteElo "2372"]
[BlackElo "2437"]
[Annotator "TA"]
[PlyCount "94"]
[EventDate "2020.07.22"]
[EventType "tourn"]
[EventCountry "DEN"]
[SourceTitle "playchess.com"]
[Source "ChessBase"]
[SourceQuality "1"]

{[%evp 9,94,-2,13,9,16,2,5,6,5,8,45,16,14,22,20,12,22,8,11,13,12,0,0,0,2,7,0,0,0,0,0,0,0,-27,-27,-28,-23,-71,-70,-73,-68,-93,-93,-93,-92,-93,-93,-93,-92,-98,-92,-100,-92,-100,-100,-112,-100,-167,-154,-310,-301,-740,-740,-672,-574,-390,-246,-239,-225,-200,0,0,0,0,0,0,0,0,0,0,0,0,0,0,0,0,0]} 1. d4 Nf6 2. Nf3 d5 3. Bf4 c5 4. e3 Nc6 5. Nbd2 cxd4 6. exd4 {D02: 1 d4 d5 2 Nf3 sidelines, including 2...Nf6 3 g3 and 2...Nf6 3 Bf4.} Bf5 {6...Qb6 deserves study. Played by Sergey Karjakin in May 2020.} 7. c3 e6 8. Qb3 Qc8 9. Nh4 Bg4 10. f3 Bh5 $1 11. g4 Bg6 $1 12. Nxg6 hxg6 13. Bd3 {[#]} Qd7 $146 ({Predecessor:} 13... Be7 14. Bg3 g5 15. Kf2 Bd8 16. Rae1 Bc7 17. Qa3 Qd7 18. Bb5 a6 19. Nb3 Bb6 {1-0 (28) Skuhala,J (2226)-Zganec,A (2184) Slovenia 2016}) 14. O-O-O O-O-O 15. Qa4 Bd6 16. Bxd6 Qxd6 17. Bb5 Kb8 18. Bxc6 Qxc6 19. Qxc6 bxc6 20. h4 Rh7 21. Rh2 g5 22. h5 g6 23. h6 Rdh8 24. Rdh1 Ng8 25. Nb3 Rxh6 26. Rxh6 Rxh6 27. Rxh6 Nxh6 $17 {[%mdl 4096] Endgame KN-KN} 28. Nc5 Kc7 29. a4 Kd6 30. Nd3 f6 31. Kd2 Nf7 32. Ke2 Nd8 33. a5 {[#]} (33. b4 $17) 33... e5 $1 $19 34. Nc5 $2 {[#]} (34. dxe5+ $17 fxe5 35. Kd2) 34... Ne6 $1 {[%cal Re6c5]} 35. Nxe6 $2 (35. Nb3) 35... Kxe6 {KP-KP} 36. Ke3 Kd6 37. Kd3 Kc7 38. c4 Kd6 39. dxe5+ fxe5 $2 (39... Kxe5 $19 {And now ...dxc4+ would win.} 40. b4 f5) 40. b4 $11 {The position is equal.} Kc7 41. Kc3 $1 Kb7 (41... a6 $5 42. c5 $8 Kd7 $11) 42. cxd5 cxd5 43. b5 Kc7 44. Kb3 $1 Kd7 45. Kc3 d4+ (45... Kd6 $5 46. Kb4 $8 e4 47. fxe4 dxe4 $11) 46. Kb3 Kc7 47. Kb4 Kd7 {Black had all chances to win. Accuracy: White = 74%, Black = 86%.} 1/2-1/2

[Event "Copenhagen Challenge GM 2020"]
[Site "Ballerup"]
[Date "2020.07.26"]
[Round "8.2"]
[White "Haldorsen, Benjamin"]
[Black "Grandelius, Nils"]
[Result "0-1"]
[WhiteElo "2458"]
[BlackElo "2651"]
[Annotator "TA"]
[PlyCount "88"]
[EventDate "2020.07.22"]
[EventType "tourn"]
[EventCountry "DEN"]
[SourceTitle "playchess.com"]
[Source "ChessBase"]
[SourceQuality "1"]

{[%evp 15,88,0,2,1,-1,-21,0,14,10,-5,0,-5,0,-213,-203,-210,-186,-222,-237,-240,-254,-239,-243,-232,-221,-219,-216,-220,-215,-218,-205,-211,-233,-228,-196,-197,-209,-206,-189,-236,-220,-252,-252,-252,-252,-250,-250,-266,-235,-453,-452,-453,-439,-512,-507,-526,-526,-555,-553,-534,-534,-552,-576,-575,-554,-892,-887,-1425,-1388,-1339,-1227,-618,-1551,-5447,-1723]} 1. c4 Nf6 2. g3 c6 3. Nf3 d5 4. b3 Bg4 5. Bg2 e6 6. O-O Bd6 7. Bb2 Nbd7 8. d3 O-O 9. h3 {A12: English Opening: 1...c6 with b3 by White.} Bh5 10. Nc3 {[#]} dxc4 $146 ({Predecessor:} 10... Re8 11. a3 a5 12. Qc2 Qe7 13. Rfe1 Rad8 14. e3 Bxf3 15. Bxf3 Ne5 16. Be2 h5 {0-1 (34) Popov,V (2535)-Rublevsky,S (2651) Sochi 2019}) 11. dxc4 {The position is equal.} Qc7 12. Qd2 Rad8 13. Rad1 Bb4 14. Nb5 $2 {[#] Black keeps a firm grip on the game.} (14. Nh4 $11) 14... Bxd2 $19 15. Nxc7 Ba5 16. Ba3 Bxc7 17. Bxf8 Kxf8 ({Stronger than} 17... Rxf8 18. g4 $11) 18. g4 Bg6 19. Nh4 a5 20. Nxg6+ hxg6 21. a3 g5 22. b4 Ke7 23. e3 Ra8 24. Rb1 axb4 25. axb4 Ra4 26. Rfc1 Ne5 27. Rb3 Kd7 28. Rd1+ Kc8 29. Rc1 Bd6 30. c5 Be7 31. Rcb1 Nd5 32. Bxd5 $2 {[#]} (32. b5 {might work better.}) 32... cxd5 {Black is clearly winning.} ({Not} 32... exd5 33. Kg2 $19) 33. Kg2 Kc7 34. Rc1 Nc4 35. Rc2 Kc6 36. e4 Bf6 37. exd5+ exd5 38. Re2 Be5 39. h4 gxh4 40. f4 Bxf4 41. Re7 Ra2+ 42. Kg1 Ne5 43. b5+ Kxc5 44. Rxb7 Kc4 {Accuracy: White = 65%, Black = 92%.} 0-1

[Event "Copenhagen Challenge GM 2020"]
[Site "Ballerup"]
[Date "2020.07.26"]
[Round "8.3"]
[White "Thybo, Jesper Sondergaard"]
[Black "Antonsen, Mikkel"]
[Result "1-0"]
[WhiteElo "2590"]
[BlackElo "2376"]
[Annotator "TA"]
[PlyCount "69"]
[EventDate "2020.07.22"]
[EventType "tourn"]
[EventCountry "DEN"]
[SourceTitle "playchess.com"]
[Source "ChessBase"]
[SourceQuality "1"]

{[%evp 14,69,0,0,4,0,14,14,11,-8,82,39,316,302,372,301,335,157,172,169,171,175,169,148,206,204,222,213,210,191,200,190,185,193,260,258,255,260,241,181,179,181,219,219,368,358,608,612,591,586,566,566,583,583,718,683,12842,12843]} 1. Nf3 c5 2. c4 Nc6 3. d4 cxd4 4. Nxd4 Nf6 5. Nc3 e6 6. g3 Qb6 7. Nb3 Ne5 8. e4 Bb4 {[#] aiming for ...Nxe4. A33: Symmetrical English: 2 Nf3 Nf6 3 d4 cxd4 4 Nxd4 e6 5 Nc3 Nc6.} 9. c5 $5 {[%mdl 4] [#] Exploring less charted territory.} Bxc5 $146 ({Predecessor:} 9... Qc6 10. Bg2 Qa6 11. Qd4 d6 12. cxd6 Nc6 13. Qd2 Ne5 14. f4 Nd3+ 15. Kd1 Bxc3 16. bxc3 Nxc1 17. Kxc1 {1-0 (36) Esipenko,A (2672)-Gelfand,B (2685) Moscow 2020}) 10. Nxc5 Qxc5 {The position is equal.} 11. Be3 $132 {[%mdl 2048] White has counterplay} Qc6 (11... Qb4 $11 {keeps the balance.}) 12. Rc1 {[%mdl 1024] Black must now prevent Nb5. White has strong compensation.} Nfg4 $2 {[%mdl 8192]} (12... O-O $1 $14) 13. Bd4 $18 Qd6 {...Qxd4! is the strong threat.} 14. Be2 (14. f4 $2 Qxd4 $1 {[%mdl 512]} 15. Qxd4 Nf3+ 16. Ke2 Nxd4+ $19) 14... a6 15. f4 ({Don't play} 15. Bxg4 $6 Nxg4 16. Na4 (16. Qxg4 Qxd4 17. Rd1 Qf6 $11) (16. Bxg7 Qxd1+ 17. Nxd1 Rg8 $16) 16... Qb4+ 17. Kf1 e5) (15. Na4 $1 $18 {[%cal Ra4b6]} Nc6 16. Nb6 (16. Bxg4 Nxd4 17. Rc5 b5 $11) 16... Nxd4 17. Nxa8 Nxf2 18. Kxf2) 15... Nc6 $16 16. Bxg7 ({Much weaker is} 16. Bxg4 $6 Qxd4 17. Qxd4 Nxd4 $14) 16... Qxd1+ 17. Nxd1 (17. Kxd1 $6 Rg8 $16) 17... Rg8 18. Bc3 ({Don't take} 18. Bxg4 Rxg7 19. Ne3 b5 $16) 18... d5 (18... Ke7 $16 19. e5 b5) 19. Bxg4 $1 $18 Rxg4 20. Ne3 Rg6 {Threatening ...d4.} 21. exd5 Ne7 22. O-O Nxd5 23. f5 Nxe3 (23... Rg8 $142) 24. fxg6 hxg6 {[#]} 25. Rf4 $1 g5 26. Re4 Nd5 27. Bd2 f6 {[#]} 28. h4 $1 gxh4 (28... Bd7 $142 29. hxg5 Kf7 30. gxf6 Kxf6) 29. Rxh4 Kd7 $2 (29... e5 30. Rh8+ Kd7) 30. Rh7+ {White is clearly winning.} Kd6 31. Rh8 Kd7 32. g4 b6 33. Kf2 Ne7 34. Rh7 {Threatening mate with Bb4.} Ke8 35. Rc7 {White took control after the opening. Accuracy: White = 80%, Black = 36%.} 1-0

[Event "Copenhagen Challenge GM 2020"]
[Site "Ballerup"]
[Date "2020.07.26"]
[Round "8.4"]
[White "Olsen, Filip Boe"]
[Black "Hector, Jonny"]
[Result "1-0"]
[WhiteElo "2353"]
[BlackElo "2476"]
[Annotator "TA"]
[PlyCount "97"]
[EventDate "2020.07.22"]
[EventType "tourn"]
[EventCountry "DEN"]
[SourceTitle "playchess.com"]
[Source "ChessBase"]
[SourceQuality "1"]

{[%evp 20,97,2,0,0,0,21,9,20,15,31,55,62,52,55,75,54,35,31,22,60,28,50,27,26,31,29,39,25,29,31,36,48,48,120,125,158,103,116,102,134,83,93,53,212,210,207,208,234,234,234,197,210,204,189,172,287,222,296,291,300,299,300,299,299,299,283,289,285,279,270,264,257,256,295,242,266,235,419,412]} 1. d4 d5 2. c4 c6 3. Nf3 Nf6 4. cxd5 cxd5 5. Nc3 Nc6 6. Bf4 Bf5 7. e3 e6 8. Qb3 Bb4 9. Bb5 Bxc3+ 10. Qxc3 O-O 11. Bxc6 Rc8 {[%mdl 64] [#] Pin. D14: Slav Defence: Exchange variation with ...Bf5.} 12. Ne5 Nh5 13. Qa3 ({Of course not} 13. g4 Be4 $17) 13... bxc6 {The position is equal.} 14. Rc1 Nxf4 15. exf4 {[#]} Rc7 $146 ({Predecessor:} 15... f6 16. Nxc6 Qd7 17. Qc5 Rfe8 18. Kd2 Kh8 19. b4 a6 20. Rhe1 h6 21. a4 Bb1 {½-½ (29) Soltau,A (2524)-Bokar,J (2582) ICCF email 2013}) 16. O-O f6 17. Nxc6 Qd7 18. Qc5 {Black must now prevent Ne7+!} Re8 19. Rfe1 a5 20. a3 a4 21. Ne5 Rxc5 22. Nxd7 Rxc1 23. Rxc1 $11 {[%mdl 4096] Endgame KRB-KRN} e5 $1 24. Nc5 exd4 {Threatens to win with ...Bc2!} 25. f3 h5 26. Rd1 Rc8 (26... Re2 $14) 27. Nxa4 $16 d3 28. Nc3 ({White should try} 28. Nb6 Rc2 29. Nxd5) 28... Rc5 29. a4 g5 30. fxg5 (30. Nb5 $142) 30... fxg5 31. Na2 {Strongly threatening Nb4.} Rc2 $2 {Loses the game.} (31... d4 $14) 32. Nb4 $1 $18 {[%csl LRc2,LRd3,LRd5]} Rxb2 33. Nxd3 Ra2 {[#]} 34. Nb4 $1 {[%cal Rb4a2]} Rxa4 35. Rxd5 Bg6 36. Rxg5 Kg7 37. Rb5 Ra1+ 38. Kf2 Rb1 39. Kg3 Rb2 40. h4 Kh6 41. Rb6 Rd2 42. Rc6 Kg7 43. Rc5 Bf7 44. Nc6 Kf6 45. Ne5 Be6 46. Nc4 Rd3 47. Nb2 ({Not} 47. Rxh5 Bxc4 48. Kf4 Rd4+ 49. Ke3 Rd3+ 50. Ke4 Rb3 $11) 47... Rd2 48. Na4 ({Stronger than} 48. Rxh5 Rxb2 49. Rc5 Bd7 $11) 48... Bf5 $2 (48... Bf7 {keeps fighting.} 49. Rg5 Bg6) 49. Nc3 {Accuracy: White = 87%, Black = 58%.} 1-0

[Event "Copenhagen Challenge GM 2020"]
[Site "Ballerup"]
[Date "2020.07.26"]
[Round "8.5"]
[White "Jacobsen, Mikkel Manosri"]
[Black "Johansson, Linus"]
[Result "0-1"]
[WhiteElo "2316"]
[BlackElo "2476"]
[Annotator "TA"]
[PlyCount "70"]
[EventDate "2020.07.22"]
[EventType "tourn"]
[EventCountry "DEN"]
[SourceTitle "playchess.com"]
[Source "ChessBase"]
[SourceQuality "1"]

{[%evp 13,70,13,29,0,21,16,17,8,22,-21,14,19,10,-61,-63,-85,-32,-65,-58,-57,-67,-60,-51,-53,-61,-57,-89,-80,-50,-57,-64,-52,-50,-52,-34,0,0,-93,-91,-112,-102,-127,-130,-142,-134,-257,-257,-258,-275,-271,-270,-270,-263,-335,-333,-393,-385,-391,-381]} 1. d4 Nf6 2. c4 e6 3. Nf3 b6 4. g3 Bb7 5. Bg2 Be7 6. O-O O-O 7. Re1 {is recently more successful than 7.Nc3. Played by Ian Nepomniachtchi in June 2020.} Na6 8. Bf4 {E17: Queen's Indian: 4 g3 Bb7 5 Bg2 Be7.} d6 9. Nc3 Ne4 10. Qc2 {The position is equal.} Nxc3 {[#]} 11. Ng5 $146 {[%csl Gg5][%cal Rc2h7]} ({Predecessor:} 11. bxc3 f5 12. h4 Qd7 13. Rad1 Rae8 14. Qb3 Qc8 15. Bh3 Bf6 16. Bc1 Kh8 17. Ng5 {½-½ (65) Banusz,T (2612)-Nemeth,M (2469) Hungary 2017}) 11... Nxe2+ 12. Rxe2 {[%csl Gg5][%cal Rc2h7]} Bxg5 13. Bxg5 (13. Bxb7 $11 Nb4 14. Qb3) 13... Qc8 $15 14. Bh3 {[#]} Qe8 (14... d5 $1 $17) 15. d5 {[%cal Rd5e6]} e5 16. Bf5 h6 17. Bxh6 gxh6 {[#]} 18. Re4 $1 {[%cal Re4g4][%mdl 512] Intending Rg4+ and mate.} Kg7 $1 {And now ...Rh8 would win.} 19. Rg4+ Kf6 $1 ({Stronger than} 19... Kh8 20. Qd2 Qe6 21. dxe6 fxe6 22. Qxh6#) 20. f4 Ke7 21. fxe5 dxe5 22. Re1 Kd8 23. Qc3 $1 Qe7 {Threatens to win with ...f6.} 24. Rxe5 Qd6 25. Rf4 (25. a3 $1 $11 {keeps the balance.}) 25... Bc8 $17 26. Bc2 Bd7 27. a3 Kc8 28. b4 Kb7 29. c5 (29. Bd3 $17) 29... bxc5 $19 30. bxc5 Qxc5+ 31. Qxc5 Nxc5 32. Rc4 Na6 33. d6 {intending Be4+.} Rae8 ({Don't play} 33... cxd6 34. Be4+ Kb6 35. Rd5 $19) 34. Be4+ Kb6 35. Rxe8 Rxe8 {Accuracy: White = 64%, Black = 90%.} 0-1

[Event "Copenhagen Challenge GM 2020"]
[Site "Ballerup"]
[Date "2020.07.26"]
[Round "9.1"]
[White "Antonsen, Mikkel"]
[Black "Haldorsen, Benjamin"]
[Result "0-1"]
[WhiteElo "2376"]
[BlackElo "2458"]
[Annotator "TA"]
[PlyCount "148"]
[EventDate "2020.07.22"]
[EventType "tourn"]
[EventCountry "DEN"]
[SourceTitle "playchess.com"]
[Source "ChessBase"]
[SourceQuality "1"]

{[%evp 10,148,88,89,84,50,104,61,91,73,91,70,90,64,72,45,39,44,47,38,74,26,26,0,0,0,0,0,16,-42,31,-42,44,44,45,0,44,37,81,74,85,44,46,0,59,63,73,79,81,-5,118,-47,-34,-120,-122,-125,-137,-171,-149,-153,-151,-268,-275,-261,-225,-293,-222,-202,-205,-271,-153,-166,0,-483,-234,-332,-322,-305,-206,-329,-293,-284,-160,-166,-158,-362,-298,-327,-93,-476,-463,-533,-523,-493,-490,-652,-350,-449,-350,-350,-350,-350,-350,-334,-327,-319,-319,-379,-368,-349,-352,-401,-401,-391,-375,-487,-476,-412,-415,-398,-380,-497,-496,-549,-537,-581,-519,-498,-436,-711,-703,-939,-885,-2154,-2018,-1804,-1674,-55,-2726,-2750,-2621]} 1. d4 g6 2. e4 Bg7 3. c4 d6 4. Nc3 c5 5. d5 Bxc3+ 6. bxc3 e5 {A43: Schmid Benoni.} 7. h4 {[#]} h6 $146 ({Black should play} 7... f5 $14) ({Predecessor:} 7... h5 8. Bg5 f6 9. Bd2 Nh6 10. Qc1 Nf7 11. Bd3 Qe7 12. Nf3 Nd7 13. Qc2 Nf8 14. Be3 Nh6 15. Nh2 Ng4 16. Nxg4 Bxg4 17. a4 O-O-O 18. a5 Kb8 19. Rb1 Bc8 20. f3 Nh7 {½-½ (20) Gheorghiu,F-Barendregt,J Amsterdam 1969}) 8. h5 Nd7 {White is slightly better.} 9. hxg6 fxg6 10. Be3 Qf6 11. Qd2 Qg7 12. g3 Ndf6 13. f3 g5 14. Bd3 Bd7 15. Ne2 O-O-O 16. O-O-O Ne7 17. Rh2 Kb8 18. Kb2 Nc8 19. a3 (19. Rdh1 $11) 19... Nb6 (19... Rdg8 $15) 20. Ka2 (20. g4 $1 $14) 20... Be8 (20... Rdg8 $15) 21. Rdh1 Bg6 22. Qc2 Rde8 23. g4 Ref8 24. Ng3 Ne8 25. Qg2 Nf6 26. Qc2 Rh7 (26... Ne8 $1 $11) 27. a4 $14 {[%cal Ba3a4,Ba4a5][%mdl 32]} Rfh8 28. a5 Nc8 29. Qa4 (29. a6 $16) 29... Qd7 (29... h5 $11) 30. Qa3 $2 (30. Qxd7 $16 Nxd7 31. Nf5) 30... h5 $1 $15 31. Bxg5 (31. gxh5 $15 Nxh5 32. Nf5) 31... hxg4 $17 {[%mdl 64] Discovered Attack} 32. Rxh7 Nxh7 {[%cal Bf6h7,Bh7g5,Bg5f7,Bf7e5][%mdl 32]} 33. f4 {[#]} Nxg5 $1 {[%mdl 512]} 34. Rxh8 (34. fxg5 Rxh1) 34... exf4 35. Ne2 (35. Qc1 $17 Nf7 36. Rxc8+ Kxc8 37. Qxf4) 35... f3 $19 36. Ng3 Nf7 37. Rh2 Ne5 38. Bf1 a6 {[%mdl 1024] Black has strong compensation.} 39. Ka1 Ne7 (39... Nf7 $19 40. Rb2 Qd8) 40. Rh8+ Nc8 $2 (40... Ka7 $19 41. Kb1 Nc8) 41. Qb3 $2 {[%mdl 8192]} (41. Rh2 $1 $11 {and White stays safe.}) 41... Kc7 (41... Bh7 $142 {White must now prevent ...Qg7.} 42. Nh5 Qe7) 42. Rh2 (42. Qc2 {was worth a try.}) 42... Qg7 43. Rb2 Kb8 44. Qd1 (44. Kb1 $142) 44... Qc7 45. Ra2 Ne7 ({Better is} 45... Qe7 $19 46. Qd2 Qh4) 46. Qc1 $17 Ng8 47. Qe3 $2 (47. Qg5 $17 {was the only chance.}) 47... Ka7 48. Qg5 Qe7 $2 (48... Qc8 $19 {and Black stays clearly on top.} 49. Rh2 Qf8) 49. Qf4 $2 {[%mdl 8192]} (49. Qxe7 $17 {nothing else works.} Nxe7 50. Kb1) 49... Qf6 $19 50. Qc1 Qd8 51. Qf4 Nf6 52. Qg5 Qe7 53. Rb2 {[#]} Nxd5 $1 {[%mdl 512]} 54. Qxe7 (54. cxd5 Qxg5) 54... Nxe7 55. Rd2 Nf7 56. Kb2 Nc6 57. Kc1 Nxa5 {aiming for ...Nb3+.} 58. Kd1 Kb6 59. Ke1 Kc7 60. Ra2 Nc6 61. Kf2 Nfe5 62. Ke3 Bf7 63. Kf4 Nxc4 64. Rh2 N4e5 65. Nf5 a5 66. Ne3 a4 67. Nc2 Bb3 68. Na3 Na5 69. Nb5+ (69. Bb5 $142) 69... Kc6 70. Rh6 Nac4 71. Nxd6 Nxd6 72. Kxe5 a3 {[%cal Ba4a3,Ba3a2][%mdl 32]} 73. Rxd6+ Kc7 74. Rh6 a2 {Accuracy: White = 36%, Black = 60%.} 0-1

[Event "Copenhagen Challenge GM 2020"]
[Site "Ballerup"]
[Date "2020.07.26"]
[Round "9.2"]
[White "Johansson, Linus"]
[Black "Thybo, Jesper Sondergaard"]
[Result "1-0"]
[WhiteElo "2476"]
[BlackElo "2590"]
[Annotator "TA"]
[PlyCount "67"]
[EventDate "2020.07.22"]
[EventType "tourn"]
[EventCountry "DEN"]
[SourceTitle "playchess.com"]
[Source "ChessBase"]
[SourceQuality "1"]

{[%evp 18,67,0,-13,19,-30,-41,-31,0,0,19,0,20,-8,9,16,54,47,60,47,50,48,65,50,60,65,143,135,166,157,187,159,213,209,212,34,240,243,374,86,295,295,687,352,412,412,676,431,432,406,29974,29973]} 1. d4 Nf6 2. c4 e6 3. Nc3 Bb4 4. e3 O-O 5. Nge2 d5 6. a3 Be7 7. cxd5 exd5 8. b4 Re8 9. Ng3 c6 10. Bd3 b5 {[#] E46: Nimzo-Indian: Rubinstein: 4 e3 0-0 5 Ne2 without early Bd3.} 11. a4 $146 ({Predecessor:} 11. O-O a5 12. bxa5 Rxa5 13. Bb2 Nbd7 14. e4 dxe4 15. Ncxe4 Bf8 16. Qc2 Bb7 17. Nc5 Bc8 18. Rad1 {0-1 (37) Mitchell,M (2215)-Olafsson,H (2531) Porto Carras 2011}) 11... Bxb4 12. Bd2 c5 {Black is slightly better.} 13. dxc5 Bxc5 14. Bxb5 Bg4 15. Qb3 Rf8 16. O-O d4 17. Nce4 Nxe4 18. Nxe4 dxe3 19. Bxe3 Be6 20. Qc3 Bxe3 21. Qxe3 {Threatens to win with Ng5.} Qb6 (21... a6 $14) 22. Nc5 $36 {[%mdl 2048] Keeping Black busy.} Bd5 23. Rfd1 Bc6 24. Rab1 Bxb5 (24... Qc7 $16 25. Rb3 a6) 25. axb5 $18 {aiming for Qf3.} ({Less strong is} 25. Rxb5 Qg6 $14) 25... a6 26. bxa6 $2 (26. Qa3 $18) 26... Qg6 $2 (26... Qc6 $1 $14) 27. a7 $1 Nc6 (27... Rxa7 $142 28. Ne6 {[%mdl 64] Discovered Attack} Qxe6) 28. Ra1 $2 (28. Nd7 $18 {and the rest is easy.} Rfe8 29. Rb8 $1 {[%mdl 576] Promotion}) 28... h6 $2 {[#]} (28... Rxa7 $16 29. Rxa7 Nxa7) 29. Nd7 $1 {[%cal Rd7f8]} Rfe8 $2 (29... Rfd8 30. Qb6 Nxa7) 30. Qc5 Red8 {intending ...Qe6.} 31. h3 Qe4 (31... Nxa7 $142 32. Rxa7 Rxa7) 32. Rd6 {Black must now prevent f3.} Nxa7 33. Rxa7 Rxa7 {[#]} (33... Rdc8 $18 34. Rxa8 Rxa8) 34. Nf6+ $1 {[%mdl 576] Discovered Attack. Accuracy: White = 58%, Black = 28%.} 1-0

[Event "Copenhagen Challenge GM 2020"]
[Site "Ballerup"]
[Date "2020.07.26"]
[Round "9.3"]
[White "Grandelius, Nils"]
[Black "Olsen, Filip Boe"]
[Result "1-0"]
[WhiteElo "2651"]
[BlackElo "2353"]
[Annotator "TA"]
[PlyCount "59"]
[EventDate "2020.07.22"]
[EventType "tourn"]
[EventCountry "DEN"]
[SourceTitle "playchess.com"]
[Source "ChessBase"]
[SourceQuality "1"]

{[%evp 13,59,21,21,18,25,15,23,13,20,17,23,29,92,86,87,90,97,90,85,20,23,24,79,87,83,77,95,39,57,43,61,18,99,98,109,109,166,163,203,186,189,165,1222,1222,1022,15,998,969]} 1. c4 e6 2. Nf3 Nf6 3. d4 d5 4. Bg5 c6 5. e3 Nbd7 6. Nbd2 Be7 {6...Be7 has become a bit dusty these days.} 7. Bd3 h6 8. Bh4 {D30: Queen's Gambit Declined: Systems without Nc3.} b6 9. O-O Bb7 10. cxd5 {[#] White has an edge.} exd5 $146 ({Predecessor:} 10... cxd5 11. Qa4 a6 12. Rfc1 O-O 13. Ne5 b5 14. Qd1 Nxe5 15. dxe5 Nd7 16. Bxe7 Qxe7 {0-1 (43) Aravindh,C (2630)-Fridman,D (2622) chess.com INT 2020}) 11. Ne5 Nxe5 12. dxe5 Ne4 (12... Nd7 $11 13. Bxe7 Qxe7) 13. Bxe7 $16 (13. Nxe4 dxe4 14. Bxe7 Qxe7 $11) 13... Qxe7 14. Bxe4 dxe4 15. Nxe4 {[%cal Bd2e4,Be4d6,Bd6f5][%mdl 32]} O-O 16. Qh5 (16. f4 $16) 16... f5 $11 17. Nd6 Ba6 (17... Qxe5 $11 18. Nxb7 Rab8) 18. Nxf5 $16 Qg5 19. Qxg5 hxg5 20. Ne7+ (20. Nd6 $16 Bxf1 21. Rxf1 (21. Kxf1 Rad8 $14)) 20... Kf7 $14 21. Nxc6 {And now Rfd1 would win.} Bxf1 22. Kxf1 {[%mdl 4096] Endgame KRR-KRN} Rh8 (22... Rac8 $1 $11 {remains equal.} 23. Nd4 (23. Nxa7 Rc2 $11) 23... Rh8) 23. Rd1 $16 Rxh2 24. Rd7+ Ke6 (24... Kg8 $16) 25. Rxg7 $18 Rh1+ 26. Ke2 Rb1 27. e4 {[%csl Gc6][%cal Rg7e7]} ({Not} 27. Rxg5 Rxb2+ 28. Kf3 Kd5 $14) 27... Rxb2+ $2 {[#]} (27... Re8 28. b4 (28. Rxa7 Rxb2+ 29. Ke3 Rb1 $14) 28... a5 29. bxa5 (29. Rxg5 Kd7 $16) 29... bxa5) 28. Ke3 $1 {[%csl Gc6][%cal Rg7e7]} Re8 29. Nd4+ Kxe5 {[#]} 30. Rg6 $1 {Accuracy: White = 80%, Black = 63%.} 1-0